| 000 | 00380nam a2200145 a 4500 | ||
|---|---|---|---|
| 001 | 5877 | ||
| 003 | CDMR | ||
| 005 | 20130220142514.0 | ||
| 008 | 130220s2002||||||||||||||||||||||||||||d | ||
| 040 |
_aCDMR _bcat _cCDMR |
||
| 245 | 0 | _aNotícies amb llaç blanc | |
| 260 |
_a[València] _bFederación de Asociaciones de la Prensa de España _c2002 |
||
| 300 |
_a23 p ; _c13 cm |
||
| 942 | _cMON | ||
| 999 |
_c5877 _d5877 |
||